|
|
|
|
| LEADER |
00000nab#a22000007a#4500 |
| 001 |
arbauad008297 |
| 003 |
AR-BaUAD |
| 005 |
20250711110908.0 |
| 008 |
950217|||||||||###||||||b###|0###a|spa|| |
| 040 |
|
|
|a AR-BaUAD
|c AR-BaUAD
|b spa
|
| 245 |
1 |
0 |
|a Is fashion out of touch?
|
| 300 |
0 |
|
|b fot.
|
| 500 |
|
|
|a Karl Lagerfel, Donna Karan, John Galliano, Bill Blass, Jean Paul Gaultier, Anna Sui, Miuccia Prada, Michael Kors y Norma Kamali, opinan sobre la moda y sus vertiginosos cambios.
|
| 653 |
|
|
|a EUROPA
|
| 653 |
|
|
|a ESTADOS UNIDOS
|
| 653 |
|
|
|a MARCAS
|
| 653 |
|
|
|a MODA
|
| 653 |
|
|
|a TENDENCIAS
|
| 653 |
|
|
|a ENTREVISTAS
|
| 653 |
|
|
|a CONGRESOS
|
| 653 |
|
|
|a DISEÑADORES DE INDUMENTARIA
|
| 653 |
|
|
|a KARL LAGERFELD
|
| 653 |
|
|
|a DONNA KARAN
|
| 653 |
|
|
|a JOHN GALLIANO
|
| 653 |
|
|
|a BILL BLASS
|
| 653 |
|
|
|a ANNA SUI
|
| 653 |
|
|
|a NORMA KAMALI
|
| 653 |
|
|
|a PRADA
|
| 653 |
|
|
|a JEAN PAUL GAULTIER
|
| 773 |
0 |
|
|t Vogue
|g v. 185, no. 1 [ene. 1995], p. 130-135
|
| 942 |
|
|
|c ARTI
|
| 952 |
|
|
|0 0
|1 0
|4 0
|7 0
|9 53217
|a AR-BAuAD
|b AR-BAuAD
|d 2025-07-11
|l 0
|p AAQA008297
|r 2025-07-11 11:09:08
|w 2025-07-11
|y ARTI
|
| 990 |
|
|
|a DT199
|b TD
|
| 998 |
|
|
|a AAQ
|b BIBUN76
|
| 999 |
|
|
|c 32890
|d 32890
|